000 01478nam a22002417a 4500
999 _c56891
_d56891
003 Ge_BSU
005 20190610190247.0
008 190610b2015 ||||| |||| 00| 0 geo d
020 _a9789941077425
041 _ageo
080 _a821.353.1.09-343 ჯ-30
100 _aჯაჭვაძე-ხმალაძე, ეთერ.
_92351
245 _a"ქართული ცივილიზაციის სათავეებთან - "ამირანიანის" ახლებური ხედვა" /
_c ეთერ ჯაჭვაძე-ხმალაძე ; გიორგი რჩეულიშვილი ; რედ : სოფიო არსენიშვილი.
264 _aთბილისი :
_b ჯეოპრინტი,
_c2015.
300 _a268 გვ. :
_bტაბ. ;
_c20 სმ.
504 _aბიბლიოგრაფია : გვ. 256-268.
546 _aდასკვნა ინგლისურ ენაზე: გვ. 234–244.
653 _aქართული მითოლოგიის ისტორია და კრიტიკა.
700 _aრჩეულიშვილი, გიორგი
_91159
700 _aარსენიშვილი, სოფიო
_eრედაქტორი
_92352
710 _aიაკობ გოგებაშვილის სახ. თელავის სახელმწ. უნ-ტი
_92353
942 _2udc
_cBK